Score 0/16 Timer 05:00
0 Plays Today
% Correct
Villers
Young Woman Drawing
76.9%
Monet
The Four Trees
70.8%
Degas
The Dance Class
68.3%
Manet
Boating
67.5%
Vermeer
Woman with a Lute
59.6%
Kandinsky
Improvisation 27
(Garden of Love II)
57.3%
El Greco
The Vision of Saint John
55.8%
Cole
The Oxbow
52%
% Correct
David
The Death of Socrates
51.8%
Picasso
The Actor
49.3%
Bastien-Lepage
Joan of Arc
48.2%
Turner
Venice, from the Porch of
Madonna della Salute
45%
Bruegel
The Harvesters
44.6%
Cézanne
The Card Players
41.9%
Demuth
I Saw the Figure 5 in Gold
39.8%
Van Eyck
The Crucifixion;
The Last Judgment
39.7%
Remove Ads.
Support Sporcle.
Get the best of Sporcle when you Go Orange. This ad-free experience offers more features, more stats, and more fun while also helping to support Sporcle. Thank you for becoming a member.

You're not logged in!

Compare scores with friends on all Sporcle quizzes.
OR
Log In

Sporcle TV

Today on Sporcle TV


Watch our educational content, quiz creation guides, and fun videos on Sporcle TV.

Show Comments

Extras

Top Quizzes Today


Score Distribution

Paid Content

Your Account Isn't Verified!

In order to create a playlist on Sporcle, you need to verify the email address you used during registration. Go to your Sporcle Settings to finish the process.

Report this User

Report this user for behavior that violates our Community Guidelines.

Details: